00794nam a2200241Ia 450000100060000000300090000600800410001504000130005604000130006904100130008210000210009510000290011624500620014524500210020725000110022826000180023926000240025726000490028130000570033050001060038765000280049365000310052168355IT-RoPAU130308s9999 xx 000 0 und d aIT-RoPAU cIT-RoPAU aITALIANO aVan Uitert Evert gCodice Aut. SPICS: 23790 aArte di Vincent Van Gogh (L'): modernizzare la tradizione bVincent Van Gogh a1a ed. aMILANO - ROMA bMondadori - De Luca c1988 [1° Ed.:1988 - Ed.Ling.Originale:1988] a"23 p. (prefazione: no ; testo: 23 [pagine: 33-55])" aIdee di Van Gogh inizio del Genere Campestre costumi Van Gogh pittore dei contadini ritorno Nei Campi aAUTORI/OPERE DI PITTURA eCodice materia Spics: 5207